Statistics for Star Wars O-Z

Click here to take the quiz!

General Stats

  • This quiz has been taken 22 times
  • The average score is 10 of 12

Answer Stats

HintAnswer% Correct
R-C-3PO's robot friendR2-D2
100%
T-Where Anakin LivedTatooine
100%
X-Luke's ShipX-Wing
100%
Q-Obi-Wan's MasterQui-Gon Jinn
95%
S-Opposite of JediSith
95%
V-Anakin's New NameVader
95%
W-ChewbaccaWookie
95%
P-Anakin's baePadme
91%
Y-The Jedi of All JediYoda
91%
O-First _____Order
82%
Z-Starfighter ClassZ-95 Headhunter
18%
U-Outer Rim TerritoriesU'Dray
5%

Score Distribution

Percentile by Number Answered

Percent of People with Each Score

Your Score History

You have not taken this quiz